[Event "Oberliga Nord O 1718"]
[Site "Germany"]
[Date "2018.02.04"]
[Round "6.6"]
[White "Kirst, Julia"]
[Black "Silz, Elisa"]
[Result "1/2-1/2"]
[WhiteElo "1951"]
[BlackElo "1997"]
[PlyCount "157"]
[EventDate "2017.10.08"]
[EventType "team-tourn"]
[EventRounds "9"]
[EventCountry "GER"]
[SourceTitle "EXT 2019"]
[Source "ChessBase"]
[SourceDate "2018.10.10"]
[SourceVersion "1"]
[SourceVersionDate "2018.10.10"]
[SourceQuality "1"]
[WhiteTeam "Cottbus Lokomotive"]
[BlackTeam "Berlin Empor"]
[WhiteTeamCountry "GER"]
[BlackTeamCountry "GER"]

1. e4 c5 2. Nf3 d6 3. d3 g6 4. g3 Bg7 5. Bg2 Nc6 6. 0-0 e6 7. c3 Nge7 8. Re1 0-0 9. Nbd2 b5 10. Nf1 Rb8 11. Be3 b4 12. Qd2 Qa5 13. d4 bxc3 14. bxc3 cxd4 15. cxd4 Qxd2 16. N1xd2 Ba6 17. Bf1 Bxf1 18. Kxf1 d5 19. e5 Nf5 20. Nb3 Nxe3+ 21. Rxe3 Rfc8 22. Rc3 Bh6 23. a3 Rb6 24. Ra2 Rcb8 25. Nc5 Rd8 26. Rac2 Na5 27. g4 Bf8 28. Nd2 Bh6 29. Nf3 Nc4 30. g5 Bf8 31. Nd2 Bxc5 32. dxc5 Nxd2+ 33. Rxd2 Rc6 34. Ke2 Rb8 35. Kd3 Rb1 36. Rdc2 Rg1 37. f4 Rf1 38. Ke3 d4+ 39. Kxd4 Rxf4+ 40. Ke3 Rf5 41. Ke4 Rxg5 42. Rd2 Rg4+ 43. Kf3 Ra4 44. Rd6 Rc7 45. c6 Ra6 46. Ke4 Kf8 47. Kd4 Ke7 48. Rb3 Raxc6 49. Rxc6 Rxc6 50. Rb7+ Kf8 51. Rxa7 Rc2 52. Ra8+ Kg7 53. a4 Rxh2 54. a5 Ra2 55. a6 h5 56. Ke4 Ra4+ 57. Kf3 f6 58. Ra7+ Kf8 59. exf6 g5 60. Ra8+ Kf7 61. a7 Ra3+ 62. Ke4 Ra4+ 63. Kf3 Ra3+ 64. Ke4 Ra4+ 65. Kd3 Ra3+ 66. Kc4 h4 67. Rh8 Rxa7 68. Rh7+ Kxf6 69. Rxa7 Kf5 70. Kd4 Kf4 71. Rf7+ Kg3 72. Ke3 g4 73. Ke2 e5 74. Kf1 e4 75. Re7 h3 76. Rxe4 h2 77. Rxg4+ Kxg4 78. Kg2 h1Q+ 79. Kxh1 1/2-1/2

[Event "Oberliga Nord O 1516"]
[Site "Germany"]
[Date "2016.03.13"]
[Round "8.7"]
[White "Kirst, Julia"]
[Black "Georgi, David"]
[Result "1/2-1/2"]
[WhiteElo "1886"]
[BlackElo "1808"]
[PlyCount "42"]
[EventDate "2015.09.20"]
[EventType "team-tourn"]
[EventRounds "9"]
[EventCountry "GER"]
[SourceTitle "EXT 2017"]
[Source "ChessBase"]
[SourceDate "2016.10.25"]
[SourceVersion "1"]
[SourceVersionDate "2016.10.25"]
[SourceQuality "1"]
[WhiteTeam "Cottbus Lokomotive"]
[BlackTeam "Fuerstenwalde"]
[WhiteTeamCountry "GER"]
[BlackTeamCountry "GER"]

1. e4 c5 2. Nc3 Nc6 3. g3 Nf6 4. Bg2 g6 5. d3 Bg7 6. Be3 d6 7. h3 Bd7 8. Qd2 0-0 9. Nge2 Qc8 10. Bh6 Bxh6 11. Qxh6 b5 12. 0-0 Rb8 13. Nf4 c4 14. Ncd5 Nxd5 15. Nxd5 Be6 16. Kh2 cxd3 17. cxd3 Bxd5 18. exd5 Nd4 19. Rac1 Qd7 20. Qe3 Nf5 21. Qe4 Rfc8 1/2-1/2

[Event "Oberliga Nord O 1516"]
[Site "Germany"]
[Date "2016.01.17"]
[Round "5.6"]
[White "Kirst, Julia"]
[Black "Postler, Reinhard"]
[Result "0-1"]
[WhiteElo "1886"]
[BlackElo "2193"]
[PlyCount "74"]
[EventDate "2015.09.20"]
[EventType "team-tourn"]
[EventRounds "9"]
[EventCountry "GER"]
[SourceTitle "CBM 170 Extra"]
[Source "ChessBase"]
[SourceDate "2016.02.25"]
[SourceVersion "1"]
[SourceVersionDate "2016.02.25"]
[SourceQuality "1"]
[WhiteTeam "Cottbus Lokomotive"]
[BlackTeam "Oberschoeneweide"]
[WhiteTeamCountry "GER"]
[BlackTeamCountry "GER"]

1. d4 d5 2. c4 c6 3. Nf3 Nf6 4. Nc3 e6 5. Bg5 dxc4 6. e4 b5 7. e5 h6 8. Bh4 g5 9. Nxg5 hxg5 10. Bxg5 Be7 11. exf6 Bxf6 12. Bxf6 Qxf6 13. g3 Bb7 14. Bg2 Na6 15. Ne4 Qe7 16. Qe2 0-0-0 17. Rd1 c5 18. dxc5 Nxc5 19. 0-0 Nd3 20. Qe3 f5 21. Nc3 Kb8 22. b3 Bxg2 23. Kxg2 Qb7+ 24. f3 Qh7 25. h4 f4 26. Qxe6 Qg7 27. Ne4 fxg3 28. Qc6 Nf4+ 29. Kg1 g2 30. Qxb5+ Ka8 31. Qc6+ Qb7 32. Qxb7+ Kxb7 33. Rfe1 Rxh4 34. Nf2 Rdh8 35. Ng4 Rh1+ 36. Kf2 Rxe1 37. Rxe1 Nd3+ 0-1

[Event "Oberliga Nord O 1516"]
[Site "Germany"]
[Date "2015.12.13"]
[Round "4.4"]
[White "Stubbe, Wilko"]
[Black "Kirst, Julia"]
[Result "1/2-1/2"]
[WhiteElo "2199"]
[BlackElo "1886"]
[PlyCount "145"]
[EventDate "2015.09.20"]
[EventType "team-tourn"]
[EventRounds "9"]
[EventCountry "GER"]
[SourceTitle "CBM 170 Extra"]
[Source "ChessBase"]
[SourceDate "2016.02.25"]
[SourceVersion "1"]
[SourceVersionDate "2016.02.25"]
[SourceQuality "1"]
[WhiteTeam "Greifswald"]
[BlackTeam "Cottbus Lokomotive"]
[WhiteTeamCountry "GER"]
[BlackTeamCountry "GER"]

1. Nf3 Nf6 2. g3 g6 3. Bg2 Bg7 4. 0-0 0-0 5. d4 d6 6. c4 Nbd7 7. Nc3 e5 8. dxe5 dxe5 9. Qc2 c6 10. Rd1 Qe7 11. e4 a5 12. b3 Ne8 13. a4 Nc7 14. Ba3 Nc5 15. Ne1 N7e6 16. Nd3 b6 17. Ne2 Qc7 18. Nxc5 Nxc5 19. h3 Re8 20. Bxc5 bxc5 21. Rd3 Be6 22. Rad1 Rad8 23. Nc1 Bf8 24. Rxd8 Rxd8 25. Rxd8 Qxd8 26. Qd3 Qd4 27. Qxd4 cxd4 28. Nd3 f6 29. Kh2 Kf7 30. h4 Bd6 31. Bh3 f5 32. f3 Ke7 33. Kg2 Kd8 34. g4 f4 35. g5 Bxh3+ 36. Kxh3 c5 37. Kg2 Ke7 38. Nf2 Ke6 39. Ng4 Be7 40. Kf1 Bd8 41. Nf2 Be7 42. Nd3 Bd6 43. Ke2 Kd7 44. Ne1 Ke6 45. Nc2 Kd7 46. Na3 Kc6 47. Nb1 Kd7 48. Nd2 Ke6 49. Kf2 Kd7 50. Kg2 Ke6 51. Nb1 Kd7 52. Na3 Kc6 53. Nb5 Bb8 54. Kh3 Kd7 55. Kg2 Kc6 56. Kf2 Kd7 57. Ke2 Ke6 58. Kd3 Kd7 59. Na3 Bd6 60. Ke2 Ke6 61. Nc2 Kd7 62. Ne1 Ke6 63. Nd3 Kd7 64. Kd2 Ke6 65. Kc2 Kd7 66. Kb2 Ke6 67. Nf2 Be7 68. Kc2 Bd8 69. Ng4 Be7 70. Kd3 Bd8 71. Nh6 Be7 72. Ng4 Bd8 73. Nh6 1/2-1/2

[Event "Oberliga Nord O 1516"]
[Site "Germany"]
[Date "2015.10.11"]
[Round "2.6"]
[White "Kather, Yannick"]
[Black "Kirst, Julia"]
[Result "0-1"]
[WhiteElo "2043"]
[BlackElo "1886"]
[PlyCount "98"]
[EventDate "2015.09.20"]
[EventType "team-tourn"]
[EventRounds "9"]
[EventCountry "GER"]
[SourceTitle "CBM 170 Extra"]
[Source "ChessBase"]
[SourceDate "2016.02.25"]
[SourceVersion "1"]
[SourceVersionDate "2016.02.25"]
[SourceQuality "1"]
[WhiteTeam "Weisse Dame"]
[BlackTeam "Cottbus Lokomotive"]
[WhiteTeamCountry "GER"]
[BlackTeamCountry "GER"]

1. e4 e6 2. d4 d5 3. Nc3 Bb4 4. exd5 exd5 5. Bd3 Nf6 6. Nge2 0-0 7. a3 Bd6 8. Bg5 c6 9. Qd2 h6 10. Bh4 Nbd7 11. h3 b5 12. g4 Nb6 13. b3 Re8 14. 0-0 b4 15. axb4 Bxb4 16. Qd1 g5 17. Bg3 Ne4 18. Nb1 Qe7 19. c3 Bd6 20. Bxd6 Qxd6 21. Kg2 c5 22. Na3 a6 23. f3 Nf6 24. Nb5 axb5 25. Rxa8 Nxa8 26. Bxb5 Re7 27. dxc5 Qxc5 28. c4 Nc7 29. Ba4 Ne6 30. Ng3 Nf4+ 31. Kh2 Re5 32. Qd2 Qe7 33. Rf2 Re3 34. cxd5 N6xd5 35. Bc6 Re5 36. Ne4 Nf6 37. Ng3 Qc7 38. Be4 Nxe4 39. Nxe4 Rxe4 40. fxe4 Nd3+ 41. Kg2 Nxf2 42. Qxf2 Bb7 43. Qe2 Qf4 44. Qf2 Bxe4+ 45. Kg1 Qxf2+ 46. Kxf2 Kf8 47. Ke3 Bg2 48. b4 Ke7 49. b5 Kd6 0-1

[Event "Berlin sim"]
[Site "Berlin"]
[Date "2015.06.13"]
[Round "?"]
[White "Braun, Arik"]
[Black "Kirst, Julia"]
[Result "1-0"]
[WhiteElo "2563"]
[BlackElo "1886"]
[PlyCount "63"]
[EventDate "2015.06.13"]
[EventType "simul"]
[EventRounds "1"]
[EventCountry "GER"]
[SourceTitle "EXT 2016"]
[Source "ChessBase"]
[SourceDate "2015.10.08"]
[SourceVersion "1"]
[SourceVersionDate "2015.10.08"]
[SourceQuality "1"]

1. c4 d6 2. Nc3 Nf6 3. d4 g6 4. Nf3 Bg7 5. g3 0-0 6. Bg2 Nbd7 7. 0-0 e5 8. e4 a6 9. h3 Rb8 10. Qc2 b5 11. dxe5 dxe5 12. Rd1 Qe7 13. Nd5 Nxd5 14. cxd5 Nb6 15. b3 f5 16. Nd2 f4 17. a4 fxg3 18. fxg3 Bh6 19. Nf1 Bxc1 20. Raxc1 Rb7 21. Kh2 Bd7 22. a5 Nc8 23. Ne3 Qb4 24. Rf1 Qe7 25. Rxf8+ Kxf8 26. d6 cxd6 27. Nd5 Qe6 28. Rf1+ Kg7 29. Qf2 Kh8 30. Qf8+ Qg8 31. Qf6+ Qg7 32. Qd8+ 1-0

[Event "BL 1415 (Women)"]
[Site "Germany"]
[Date "2015.01.24"]
[Round "6.6"]
[White "Schneider, Jana"]
[Black "Kirst, Julia"]
[Result "0-1"]
[WhiteElo "1803"]
[BlackElo "1781"]
[PlyCount "70"]
[EventDate "2014.09.27"]
[EventType "team-tourn"]
[EventRounds "11"]
[EventCountry "GER"]
[SourceTitle "CBM 166 Extra"]
[Source "ChessBase"]
[SourceDate "2015.06.18"]
[SourceVersion "1"]
[SourceVersionDate "2015.06.18"]
[SourceQuality "1"]
[WhiteTeam "Bad Koenigshofen (W)"]
[BlackTeam "Leipzig Allianz (W)"]
[WhiteTeamCountry "GER"]
[BlackTeamCountry "GER"]

1. e4 d6 2. d4 Nf6 3. Nc3 g6 4. Be3 c6 5. f3 b5 6. Qd2 Nbd7 7. 0-0-0 Bg7 8. e5 Nd5 9. Nxd5 cxd5 10. exd6 0-0 11. dxe7 Qxe7 12. Nh3 Nb6 13. Nf4 b4 14. Bf2 a5 15. Re1 Qa7 16. Bb5 b3 17. axb3 a4 18. bxa4 Nxa4 19. Qb4 Nb6 20. Kd2 Qc7 21. Nd3 Bf5 22. Qc5 Qd8 23. Re2 Bh6+ 24. Be3 Bg7 25. Rhe1 Rc8 26. Qb4 Nc4+ 27. Bxc4 Rxc4 28. Qb5 Bxd4 29. Bf4 Bg7 30. Re8 Qf6 31. Qxd5 Bxd3 32. Rxf8+ Bxf8 33. Bg5 Qxb2 34. Kxd3 Qxc2+ 35. Ke3 Bc5+ 0-1

[Event "BL 1415 (Women)"]
[Site "Germany"]
[Date "2014.09.27"]
[Round "1.6"]
[White "Kirst, Julia"]
[Black "Nagel, Verena"]
[Result "1/2-1/2"]
[WhiteElo "1781"]
[BlackElo "2027"]
[PlyCount "92"]
[EventDate "2014.09.27"]
[EventType "team-tourn"]
[EventRounds "11"]
[EventCountry "GER"]
[SourceTitle "CBM 166 Extra"]
[Source "ChessBase"]
[SourceDate "2015.06.18"]
[SourceVersion "1"]
[SourceVersionDate "2015.06.18"]
[SourceQuality "1"]
[WhiteTeam "Leipzig Allianz (W)"]
[BlackTeam "Grosslehna (W)"]
[WhiteTeamCountry "GER"]
[BlackTeamCountry "GER"]

1. d4 f5 2. Nc3 Nf6 3. Bg5 e6 4. e4 h6 5. Bxf6 Qxf6 6. Nf3 Bb4 7. e5 Qf7 8. Bd3 b6 9. a3 Bxc3+ 10. bxc3 Bb7 11. 0-0 Nc6 12. c4 Ne7 13. Re1 g5 14. d5 Ng6 15. Nd4 Nf4 16. Nb5 0-0 17. Nxc7 Qg7 18. Nxa8 Bxa8 19. Bf1 exd5 20. cxd5 Bxd5 21. Qd4 Bc6 22. Rad1 Ne6 23. Qd6 Kh8 24. Bc4 Re8 25. Bd5 Bxd5 26. Qxd5 Nc5 27. Qd6 Rc8 28. a4 Kh7 29. Qd4 Rc6 30. a5 bxa5 31. Rb1 Ne6 32. Qxa7 Rxc2 33. Qxa5 Rc5 34. Qd2 Rxe5 35. Rxe5 Qxe5 36. Qxd7+ Ng7 37. Qd2 Ne6 38. Re1 Qd4 39. Qxd4 Nxd4 40. Rd1 Ne2+ 41. Kf1 Nf4 42. Rd6 Kg7 43. f3 h5 44. g3 Ng6 45. h3 h4 46. gxh4 Nxh4 1/2-1/2